000 00705nam a2200229 a 4500
999 _c8686
_d8686
001 8686
003 BD-JhCC
005 20180301113646.0
008 180301s1998 bg |||| ||a| 000 0 ben d
020 _a9840738364
035 _a(BD-JhCC)8686
040 _aBD-JhCC
_dBD-JhCC
041 _aben
082 _a333.7509
_bCHA 1998
100 _aচক্রবর্তী, তপন
245 _aবাংলাদেশের বন ও বনাঞ্চল /
_cতপন চক্রবর্তী (সম্পাদক)
260 _aঢাকা :
_bবাংলা একাডেমী,
_c1998.
300 _a98p. :
_c22 cm.
650 _aForest ecology
942 _2ddc
_cBK